00928nam a22002297a 45000010005000000030006000050050017000110080041000280200018000690400029000870500009001160820010001251000020001352450064001552600038002193000047002575050007003045200313003115210021006245210019006456500034006646915FISKH20250723145037.0250606b cb ||||| |||| 00| 0 eng d a9780545430753 aFISKHbengcFISKHdFISKH aPZ7  a523.8 aEvans, Lynette  aSuper stars : bInvestigate for the sky /cby Lynette Evans aNew York : bScholastic, c2011.  a28 pages : bcolor illustrations ; c22 cm aN  aInvestigate the Sky: Super Stars addresses these essential questions: Why does the sun, our star, blaze so big and bright by day? What do day, night, and the seasons have to do with the sun? What star shapes can we see in the night sky? Why does it matter that Earth is not too close or too far from the sun?8 a570 bLexile IG 8 aN bRaz-Plus  aOuter space vStarsxScience